000 00445nmm a2200157Ia 4500
008 251105s9999||||xx |||||||||||||||||und||
020 _a9789586485654
041 _aspa
100 _aHernán Cardozo Cuenca
245 0 _aFondos de empleados
264 _a[Bogotá, Colombia] :
_bEcoe Ediciones,
_c2008
300 _a392 páginas
650 _aEconomics and Business
856 _uhttps://public.digitaliapublishing.com/a/70451
942 _cCF
999 _c95255
_d95255